Φορτώνει......
Siksa ke mul adhar
| Κύριος συγγραφέας: | |
|---|---|
| Μορφή: | Printed Book |
| Γλώσσα: | English |
| Έκδοση: |
Allahabad
Ramnarayanlal
1970
|
| Θέματα: |
| LEADER | 00616nam a2200253 a 4500 | ||
|---|---|---|---|
| 001 | adlib96000001 | ||
| 003 | ViArRB | ||
| 005 | 20151026131127.0 | ||
| 008 | 960221s1955 dcuabcdjdbkoqu001 0deng d | ||
| 020 | |||
| 022 | |||
| 040 | |a Adlib | ||
| 082 | |a 37(540)=H | ||
| 245 | |a Siksa ke mul adhar | ||
| 250 | |||
| 260 | |a Allahabad |b Ramnarayanlal |c 1970 | ||
| 300 | |a 578p. | ||
| 500 | |a | ||
| 100 | |a Sonha Garg | ||
| 700 | |||
| 942 | |c BK |6 _ | ||
| 653 | |a Siksa Ke Mul Adhar | ||
| 999 | |c 20871 |d 20871 | ||
| 952 | |0 0 |1 0 |4 0 |6 37540H_SOG |7 0 |9 32428 |a UL |b UL |d 2010-06-16 |o 37(540)=H SOG |p 00004121 |r 2010-06-16 |w 2010-06-16 |y BK | ||